01291cam a22003015a 45000010009000000050017000090080041000260100017000670200028000840200018001120400033001300820017001631000026001802450059002062600058002653000035003234900035003585000024003935040031004175200269004486000034007176500029007516510010007806530021007909420008008119990017008199520153008361382461020201128023713.0041223s2005 enka frb 001 0 eng d a 2004030575 a0192805576 (alk. paper) a9780192805577 aDLCbengcDLCdDLCdEG-ScBUE04a194bGUT2221 aGutting, Gary.93975810aFoucault :ba very short introduction /cGary Gutting. aOxford ;aNew York :bOxford University Press,c2005. a[xv], 124 p. :bill. ;c18 cm.0 aVery short introduction ;v122 aIndex : p. 121-124. aBibliography : p. 111-118. aThis work highlights Foucault's life and thought, showing his impact on society, as well as tackling his thoughts on literature, in particular the avant-garde scene; his philosophical and historical work; and his treatment of knowledge and power in modern society.10aFoucault, Michel,d1926-1984. 7aPhilosophy.2BUEsh91597 2BUEsh bEEENGcApril2016 2ddc c21569d21541 00102ddc40708Modern A. aMAINbMAINcLOWd2016-04-04ePurchaseg63.00h229l4m2o194 GUTp000032251r2025-07-15 00:00:00s2018-02-11v78.75yBB